[Event "Titled Tuesday intern op 11th Apr Early"]
[Site "Chess.com INT"]
[Date "2023.04.11"]
[Round "11"]
[White "Chernobay, Artem"]
[Black "Devaev, Alexander"]
[Result "1-0"]
[WhiteElo "2484"]
[BlackElo "2325"]
[PlyCount "47"]
[EventDate "2023.04.11"]
[EventType "swiss (blitz)"]
[EventRounds "11"]
[EventCountry "USA"]
[SourceTitle "CBM 213 Extra"]
[Source "ChessBase"]
[SourceDate "2023.05.31"]
[SourceVersion "1"]
[SourceVersionDate "2023.05.31"]
[SourceQuality "1"]

1. e4 c6 2. d4 d5 3. e5 Bf5 4. Nc3 Qb6 5. Na4 Qc7 6. Be2 e6 7. Nf3 Nd7 8. 0-0 Ne7 9. b3 h6 10. c4 Bg4 11. h3 Bxf3 12. Bxf3 Nb6 13. Nxb6 Qxb6 14. Ba3 Qa5 15. Bd6 Nf5 16. Bxf8 Rxf8 17. cxd5 cxd5 18. Bg4 Ne7 19. Rc1 Nc6 20. Qd3 g6 21. Rc5 Qb4 22. Rfc1 Kd7 23. Rb5 Qxd4 24. Rxd5+ 1-0

[Event "Titled Tuesday intern op 11th Apr Early"]
[Site "Chess.com INT"]
[Date "2023.04.11"]
[Round "3"]
[White "Chernobay, Artem"]
[Black "Kuzubov, Yuriy"]
[Result "0-1"]
[WhiteElo "2484"]
[BlackElo "2624"]
[PlyCount "64"]
[EventDate "2023.04.11"]
[EventType "swiss (blitz)"]
[EventRounds "11"]
[EventCountry "USA"]
[SourceTitle "CBM 213 Extra"]
[Source "ChessBase"]
[SourceDate "2023.05.31"]
[SourceVersion "1"]
[SourceVersionDate "2023.05.31"]
[SourceQuality "1"]

1. e4 c5 2. Nf3 Nc6 3. Bb5 g6 4. Bxc6 bxc6 5. d3 Bg7 6. Qe2 d6 7. e5 Bg4 8. exd6 Qxd6 9. 0-0 Nf6 10. Nbd2 0-0 11. h3 Bxf3 12. Qxf3 Nd5 13. Nc4 Qc7 14. Re1 Rab8 15. c3 e6 16. Re2 Rfd8 17. Bg5 Rd7 18. h4 h6 19. Bd2 Qd8 20. h5 g5 21. Rd1 Nb6 22. Na5 Rxd3 23. Nxc6 Rxf3 24. Nxd8 Rd3 25. Nc6 Rb7 26. Na5 Rbd7 27. Nb3 R7d5 28. Kf1 Nc4 29. Ke1 Nxb2 30. Rb1 Nc4 31. Be3 Bxc3+ 32. Kf1 Rd1+ 0-1

[Event "Titled Tuesday intern op 21st Mar Early"]
[Site "Chess.com INT"]
[Date "2023.03.21"]
[Round "2"]
[White "Chernobay, Artem"]
[Black "Alekseenko, Kirill"]
[Result "0-1"]
[WhiteElo "2484"]
[BlackElo "2686"]
[PlyCount "98"]
[EventDate "2023.03.21"]
[EventType "swiss (blitz)"]
[EventRounds "11"]
[EventCountry "USA"]
[SourceTitle "EXT 2024"]
[Source "ChessBase"]
[SourceDate "2023.10.10"]
[SourceVersion "1"]
[SourceVersionDate "2023.10.10"]
[SourceQuality "1"]

1. e4 e5 2. Nc3 Nc6 3. g3 Bc5 4. Bg2 a6 5. d3 d6 6. Nge2 Be6 7. Nd5 Nge7 8. c3 Qd7 9. d4 Ba7 10. f4 exd4 11. Nxe7 Nxe7 12. f5 Bc4 13. Nxd4 f6 14. b3 Bf7 15. c4 0-0-0 16. 0-0 d5 17. cxd5 Nxd5 18. exd5 Bxd5 19. Be3 Bxg2 20. Kxg2 Bxd4 21. Bxd4 Qxd4 22. Qxd4 Rxd4 23. Rae1 Rhd8 24. Re7 R4d7 25. Rfe1 c6 26. Kf3 Kc7 27. h4 c5 28. g4 h6 29. Kf4 Rxe7 30. Rxe7+ Rd7 31. Re8 Rd4+ 32. Kf3 b5 33. Re7+ Rd7 34. Re6 Kb7 35. g5 hxg5 36. hxg5 fxg5 37. Rg6 c4 38. bxc4 bxc4 39. Rxg5 Kb6 40. Ke4 c3 41. Rg3 Rc7 42. Rg1 c2 43. Rc1 Rc5 44. Kd4 Kc6 45. a4 Kd6 46. Ke4 Rc4+ 47. Kd3 Kd5 48. a5 Rc8 49. Ke3 Ke5 0-1

[Event "Titled Tuesday intern op 21st Mar Early"]
[Site "Chess.com INT"]
[Date "2023.03.21"]
[Round "5"]
[White "Chernobay, Artem"]
[Black "Khandelwal, Ankush"]
[Result "1-0"]
[WhiteElo "2484"]
[BlackElo "2255"]
[PlyCount "45"]
[EventDate "2023.03.21"]
[EventType "swiss (blitz)"]
[EventRounds "11"]
[EventCountry "USA"]
[SourceTitle "EXT 2024"]
[Source "ChessBase"]
[SourceDate "2023.10.10"]
[SourceVersion "1"]
[SourceVersionDate "2023.10.10"]
[SourceQuality "1"]

1. e4 c5 2. c3 Nf6 3. e5 Nd5 4. Nf3 Nc6 5. Bc4 Nb6 6. Bb3 c4 7. Bc2 d6 8. exd6 e5 9. d4 cxd3 10. Qxd3 Qxd6 11. 0-0 Qxd3 12. Bxd3 f6 13. a4 Na5 14. Nbd2 Be6 15. b4 Nac4 16. a5 Nxd2 17. Nxd2 Nd5 18. a6 bxa6 19. Rxa6 Nxc3 20. Rxe6+ Kf7 21. Rc6 Na2 22. Bc4+ Kg6 23. Bxa2 1-0